000 00775nam a2200277Ia 4500
003 OSt
005 20221006142455.0
006 a|||||r|||| 00| 0
007 ta
008 221006b |||||||| |||| 00| 0 eng d
020 _a0275564703
_c
_18.50(each)
024 _a6,431
037 _cTextual
040 _aEASL
_cEASL
_beng
041 _2eng
_aeng
082 _aY.41.N7, L7
100 _aWILSON Amy Aurebacher etc. Ed.
_9647799
245 0 _aDeviance and social control in Chinese society
260 _aNew York
_bPraeger Pub.
_c1977
300 _a228p.
_ccm.
490 _v CEL
650 _a China social conditions
_9616868
650 _aCEL
942 _hY.41.N7, L7
_cTEXL
_2CC
999 _c1074517
_d1074517